Jesus, Take the Wheel Lyrics - Carrie Underwood - Statistics

General Stats
  • This quiz has been taken 119 times
  • The average score is 235 of 292
Answer Stats
Lyrics % Correct
Jesus
100%
the
100%
I
99%
a
97%
my
96%
take
96%
Take
96%
whe
96%
from
94%
From
94%
wheel
93%
hands
92%
it
90%
It
90%
on
90%
On
90%
was
89%
do
88%
go
88%
her
88%
me
88%
She
88%
she
88%
to
88%
and
86%
And
86%
drivin'
86%
in
86%
baby
85%
can't
85%
Eve
85%
own
85%
I'm
83%
so
83%
So
83%
this
83%
home
82%
more
81%
see
81%
'Cause
79%
Christmas
79%
road
79%
way
79%
backseat
78%
chance
78%
give
78%
Goin'
78%
goin'
78%
last
78%
letting
78%
one
78%
snow
78%
white
76%
with
76%
daddy
74%
time
74%
air
72%
gasoline
72%
long
72%
been
71%
Cincinnati
71%
faith
71%
Friday
71%
Save
71%
scared
71%
black
69%
fast
69%
runnin'
69%
too
69%
up
69%
car
68%
cry
68%
for
68%
low
68%
miles
68%
of
68%
threw
68%
Before
67%
before
67%
didn't
67%
even
67%
eyes
67%
flash
67%
like
67%
Oh
67%
rock
67%
thin
67%
Fifty
65%
have
65%
knew
65%
know
65%
momma
65%
saw
65%
Sleepin'
65%
had
64%
hard
64%
pray
64%
sheet
64%
year
64%
came
63%
glass
63%
head
63%
life
63%
lives
63%
lot
63%
stop
63%
when
63%
both
61%
first
61%
I've
61%
mind
61%
attention
60%
got
60%
pay
60%
sorry
60%
their
60%
bowed
58%
livin'
58%
spinnin'
58%
now
57%
said
57%
tonight
57%
change
56%
made
56%
It'd
54%
shoulder
54%
that
54%
colder
51%
cried
51%
gettin'
50%
still
49%
ooh
19%
woah
19%
No matching quizzes found
Score Distribution
Percent of People with Each Score
Percentile by Number Answered
Your Score History
You have not taken this quiz